Building in wood : construction and details [electronic resource] / (Record no. 8500)
| 000 -LEADER | |
|---|---|
| fixed length control field | 00525pam a2200157 a 4500 |
| 020 ## - INTERNATIONAL STANDARD BOOK NUMBER | |
| ISBN | 0817652779 (hard cover : acidfree paper) |
| 020 ## - INTERNATIONAL STANDARD BOOK NUMBER | |
| ISBN | 3764352779 (hard cover : acidfree paper) |
| 082 00 - DEWEY DECIMAL CLASSIFICATION NUMBER | |
| Classification number | 721.0448 |
| 100 1# - MAIN ENTRY--AUTHOR NAME | |
| Personal name | Gutdeutsch, Götz |
| 245 10 - TITLE STATEMENT | |
| Title | Building in wood : construction and details [electronic resource] / |
| 260 ## - PUBLICATION, DISTRIBUTION, ETC. (IMPRINT) | |
| Place of publication | Boston : |
| Name of publisher | Birkhäuser Verlag, |
| Year of publication | c1997. |
| 300 ## - PHYSICAL DESCRIPTION | |
| Number of Pages | 1 online resource (150 pages) : |
| Other physical details | illustrations. |
| 650 #0 - SUBJECT ADDED ENTRY--TOPICAL TERM | |
| Topical Term | Building, Wooden. |
| 650 #0 - SUBJECT ADDED ENTRY--TOPICAL TERM | |
| Topical Term | Wooden-frame buildings. |
| 942 ## - ADDED ENTRY ELEMENTS (KOHA) | |
| Koha item type | Electronic Books |
| Permanent Location | Date acquired | Collection code | Koha item type | Lost status | Shelving location | Current Location | Withdrawn status | Full call number |
|---|---|---|---|---|---|---|---|---|
| Cagayan State University - Carig Library | 2016-04-20 | E-Books | Electronic Books | E-Resource Section | Cagayan State University - Carig Library | 721.0448 |